Statistics for 2021年中国百万人口城市

Click here to take the quiz!

General Stats

  • This quiz has been taken 376 times
  • The average score is 86 of 126

Answers on the Map

Answers color-coded by a green-red scale on the quiz's map according to % correct below.
 

Answer Stats

人口(万)城市% Correct
2,000北京
99%
4,760广州 / 东莞 / 佛山 / 江门 / 深圳 / 中山
98%
1,320天津
98%
3,410上海 / 常州 / 苏州 / 无锡
98%
1,000成都
96%
840重庆
96%
625青岛
95%
418乌鲁木齐
95%
515哈尔滨
95%
810沈阳 / 抚顺
94%
410福州
93%
463大连
93%
460济南
93%
860杭州 / 绍兴
93%
1,020厦门 / 晋江 / 泉州
93%
755香港
93%
710西安 / 咸阳
93%
925武汉
93%
375长春
92%
670南京
91%
505长沙
91%
480石家庄
91%
190海口
90%
433昆明
90%
510郑州
90%
358南宁
89%
293兰州
89%
192呼和浩特
88%
510合肥
88%
775汕头 / 潮州 / 揭阳 / 普宁
87%
418太原
87%
155吉林
86%
398南昌
86%
340贵阳
86%
225烟台
84%
333宁波
83%
137秦皇岛
83%
105齐齐哈尔
82%
225包头
82%
295徐州
82%
148银川
82%
265洛阳
82%
122威海
82%
298唐山
82%
118连云港
80%
163桂林
80%
215保定
79%
134湛江
78%
540温州 / 瑞安
78%
150西宁
77%
180珠海
76%
360淄博
75%
115开封
74%
153张家口
73%
199扬州
73%
129绵阳
73%
205南通
71%
146盐城
71%
165大庆
70%
265鞍山 / 辽阳
70%
168大同
70%
173邯郸
69%
205柳州
68%
124宝鸡
68%
103嘉兴
68%
112锦州
68%
235台州
67%
136株洲
66%
205潍坊
66%
117镇江
65%
108宿迁
64%
143湘潭
64%
127日照
63%
115赤峰
63%
141莆田
63%
153芜湖
63%
149泰安
63%
156赣州
63%
213临沂
63%
121马鞍山
62%
130南阳
62%
128遵义
62%
127济宁
62%
110枣庄
61%
203淮安
61%
288惠州
60%
142宜昌
60%
103营口
59%
160蚌埠
59%
194襄阳
58%
117岳阳
58%
147茂名
57%
158邢台
56%
175安阳
56%
105盘锦
56%
125荆州
55%
106宜宾
55%
197淮南
54%
218新乡
54%
157淮北
54%
172衡阳
51%
116泸州
49%
104平顶山
48%
103商丘
48%
150焦作
47%
109自贡
47%
109清远
46%
120常德
46%
253江阴 / 张家港
45%
106濮阳
45%
170义乌
44%
111本溪
44%
100六安
43%
124南充
43%
118宿州
40%
127阜阳
40%
117万州
38%
203慈溪
37%
107长治
36%
106常熟
35%
106萍乡
34%
109滕州
18%
112苍南
17%
104合川
15%
103江津
14%
101沭阳
14%

Score Distribution

Percentile by Number Answered

Percent of People with Each Score

Your Score History

You have not taken this quiz